| 000 | 00751nam a22002291c 4500 | ||
|---|---|---|---|
| 001 | a987676478 | ||
| 008 | 160530s2002 gw |||| 000u ger d | ||
| 041 | _ager | ||
| 100 | 1 | _aGiese, Daniel | |
| 245 | 0 | 4 |
_aDie SED und ihre Armee : _bdie NVA zwischen Politisierung und Professionalismus 1956 - 1965 / _cvon Daniel Giese |
| 264 |
_aMünchen : _bOldenbourg, _c2002 |
||
| 300 | _a282 S. | ||
| 502 | _aTeilw. zugl.: Berlin, Humboldt-Univ., Diss., 2001 | ||
| 610 | 0 | _aSozialistische Einheitspartei Deutschlands | |
| 650 | 0 | _aOst-West-Konflikt | |
| 651 | 0 | _aDeutschland (DDR) | |
| 655 | 0 | _aHochschulschrift | |
| 942 | _cMG | ||
| 040 | _cRU-10907106 | ||
| 003 | RU-10907106 | ||
| 999 |
_c37019 _d37019 |
||
| 490 | 0 |
_aSchriftenreihe der Vierteljahrshefte für Zeitgeschichte _v85 |
|